Les chemins de la liberté: Le sursis (roman)

Guardado en:
书目详细资料
主要作者: Sartre, Jean-Paul
格式: 图书
语言:Undetermined
出版: París, Francia Gallimard 1945
主题:
标签: 添加标签
没有标签, 成为第一个标记此记录!

MARC

LEADER 00000nam a2200000Ia 4500
008 170316s9999 xx 000 0 und d
040 |a cru BVZT 
090 |a 840 S-10ch v.2 
100 |a Sartre, Jean-Paul 
245 |a Les chemins de la liberté: Le sursis (roman) 
260 |a París, Francia 
260 |b Gallimard 
260 |c 1945 
300 |a 512 páginas Vol. 2 
650 |a LITERATURA FRANCESA 
650 |a NOVELA EN FRANCÉS 
999 |c 7959  |d 7959 
942 |c 15 D  |h 840 S-10ch v.2  |2 z